Sonata pro housle a klavír
| Main Author: | Janáček, Leoš, 1854-1928 |
|---|---|
| Language: | No linguistic content |
| Published: |
Praha : Hudební matice Umělecké besedy, 1929 |
| Edition: | 2. vyd. |
| Physical Description: |
1 partitura (27 s.) + 1 hlas (8 s.) |
| LEADER | 00852ncm a22002292a 4500 | ||
|---|---|---|---|
| 001 | 000367225 | ||
| 003 | CZ BrMZK | ||
| 005 | 20150216090604.0 | ||
| 007 | qu | ||
| 008 | 980105s1929 xr f zxx d | ||
| 040 | |a BOA001 |b cze | ||
| 072 | 7 | |a 787 |x Hudba pro strunné a smyčcové nástroje |2 Konspekt |9 9 | |
| 100 | 1 | |a Janáček, Leoš, |d 1854-1928 |7 jk01050745 |4 cmp | |
| 245 | 1 | 0 | |a Sonata pro housle a klavír |h [hudebnina] / |c Leoš Janáček |
| 250 | |a 2. vyd. | ||
| 260 | |a Praha : |b Hudební matice Umělecké besedy, |c 1929 | ||
| 300 | |a 1 partitura (27 s.) + 1 hlas (8 s.) | ||
| 910 | |a BOA001 |b Mus4-0164.784 | ||
| 990 | |a MU | ||
| 991 | |b 201402 | ||
| 996 | 6 | |b 2619409960 |c Mus4-0164.784 |l MZK |r Sklad / do 1 hodiny |n 1 |w 000367225 |u 000020 |a 1 |e BOA001 |j MZK50 |s P | |
| 996 | 7 | |b 2619853718 |c Mus4-0164.784 |l MZK |r Sklad / do 1 hodiny |n 0 |w 000367225 |u 000010 |a 1 |e BOA001 |j MZK50 |s A | |
English
Čeština 